| 000 | 00336nam a22001337a 4500 | ||
|---|---|---|---|
| 003 | SGT | ||
| 020 | _a9789353061289 | ||
| 082 | _a621.38,KAP | ||
| 100 | _aKAPOOR,RAJIV | ||
| 245 | _aELECTRONICS & COMMUNICATIONS ENGINEERING | ||
| 260 |
_aCHENNAI _bPEARSON _c2018 |
||
| 650 | _aELECTRONICS & COMMUNICATIONS ENGINEERING | ||
| 942 |
_2ddc _cBK |
||
| 999 |
_c18415 _d18415 |
||